[Event "XVII Festival Conca della Presolana Magistrale"]
[Site "Bratto - Castione della Presolana ITA"]
[Date "1997.08.??"]
[Round "2"]
[White "Everet, Alexandro"]
[Black "Farago, Ivan"]
[Result "1/2-1/2"]
[WhiteElo "2225"]
[BlackElo "2445"]
[PlyCount "93"]
[EventDate "1997.08.21"]

1. d4 Nf6 2. c4 e6 3. Nc3 Bb4 4. Bd2 d5 5. e3 O-O 6. Bd3 b6 7. Nf3 Bb7 8. cxd5
exd5 9. O-O Nbd7 10. Qc2 Re8 11. Nb5 Bxd2 12. Nxd2 Ba6 13. Rac1 c5 14. Qa4 Bxb5
15. Bxb5 c4 16. b3 cxb3 17. axb3 a6 18. Bc6 Ra7 19. b4 Qb8 20. Nf3 Rc8 21. Bxd7
Nxd7 22. Qb3 Nf6 23. Ne5 Rac7 24. Qa3 Rxc1 25. Rxc1 Rxc1+ 26. Qxc1 Qb7 27. f3
Ne8 28. Kf2 f6 29. Nd3 Nd6 30. Qc2 g5 31. Nb2 Qc8 32. Qxc8+ Nxc8 33. e4 a5 34.
bxa5 bxa5 35. Na4 Kf7 36. Ke3 Ke7 37. g4 Kd6 38. Kd3 Kc6 39. exd5+ Kxd5 40.
Nc3+ Ke6 41. Kc4 Nd6+ 42. Kc5 f5 43. h3 h6 44. Na4 Nc8 45. Nc3 Nd6 46. Na4 Nc8
47. Nc3 1/2-1/2

[Event "XVII Festival Conca della Presolana Magistrale"]
[Site "Bratto - Castione della Presolana ITA"]
[Date "1997.08.??"]
[Round "2"]
[White "Godena, Michele"]
[Black "Pagnoncelli, Marco"]
[Result "1-0"]
[WhiteElo "2515"]
[BlackElo "2090"]
[PlyCount "53"]
[EventDate "1997.08.21"]

1. e4 c5 2. c3 d5 3. exd5 Qxd5 4. d4 Nf6 5. Be3 cxd4 6. cxd4 Bg4 7. f3 Qe6 8.
Bb5+ Nc6 9. Kf2 Ne4+ 10. Kf1 Nd6 11. Bxc6+ bxc6 12. Qc1 Qc4+ 13. Ne2 Bf5 14.
Nd2 Qa6 15. Kf2 g6 16. Nb3 Bg7 17. Nc5 Qc4 18. Qd2 Rb8 19. b3 Qb4 20. Qc1 Bc8
21. Na6 Bxa6 22. Qxc6+ Kf8 23. Qxa6 Nf5 24. Rac1 Bxd4 25. Nxd4 Nxe3 26. Kxe3
Kg7 27. Rc4 1-0

[Event "XVII Festival Conca della Presolana Magistrale"]
[Site "Bratto - Castione della Presolana ITA"]
[Date "1997.08.??"]
[Round "2"]
[White "Grosar, Aljosa"]
[Black "Lagrotteria, Salvatore"]
[Result "1-0"]
[WhiteElo "2455"]
[BlackElo "2225"]
[PlyCount "61"]
[EventDate "1997.08.21"]

1. e4 c6 2. c4 d5 3. exd5 cxd5 4. cxd5 Nf6 5. Bb5+ Bd7 6. Bc4 b5 7. Bb3 Na6 8.
Nc3 b4 9. Nce2 Qa5 10. Nf4 Nc7 11. Nf3 Ncxd5 12. Nxd5 Nxd5 13. Ne5 e6 14. Qf3
f6 15. Nxd7 Kxd7 16. O-O Bd6 17. d4 Rae8 18. Bd2 Qb5 19. a3 bxa3 20. bxa3 Re7
21. Rab1 Rb8 22. a4 Qb7 23. Ba2 Qc6 24. Rxb8 Bxb8 25. Rc1 Qd6 26. g3 Kd8 27.
Rc5 Rd7 28. Bxd5 e5 29. Bc6 Qxd4 30. Be3 Qa1+ 31. Rc1 1-0

[Event "XVII Festival Conca della Presolana Magistrale"]
[Site "Bratto - Castione della Presolana ITA"]
[Date "1997.08.??"]
[Round "2"]
[White "Grosar, Kiti"]
[Black "Agnelli, Francesco"]
[Result "1-0"]
[WhiteElo "2190"]
[BlackElo "2085"]
[PlyCount "75"]
[EventDate "1997.08.21"]

1. e4 c5 2. Nf3 Nc6 3. d4 cxd4 4. Nxd4 Nf6 5. Nc3 e5 6. Ndb5 d6 7. Nd5 Nxd5 8.
exd5 Ne7 9. c4 Nf5 10. g3 g6 11. Bg2 Bg7 12. O-O O-O 13. Rb1 Qb6 14. b4 a6 15.
Nc3 Bd7 16. Ba3 Qc7 17. c5 Rfd8 18. Ne4 Bb5 19. Re1 dxc5 20. bxc5 Qa5 21. Qc1
Rac8 22. Nc3 Nd4 23. d6 Rd7 24. Bb4 Qd8 25. Qd2 Bc6 26. Nd5 Kh8 27. f4 Bxd5 28.
Bxd5 exf4 29. Qxf4 Qf6 30. Qg4 Rdd8 31. d7 Rb8 32. Ba5 Rf8 33. Rxb7 Ra8 34. Rb6
Qd8 35. Rxa6 f5 36. Bxd8 Rxa6 37. Qh4 Rxa2 38. Be7 1-0

[Event "XVII Festival Conca della Presolana Magistrale"]
[Site "Bratto - Castione della Presolana ITA"]
[Date "1997.08.??"]
[Round "2"]
[White "Guido, Flavio"]
[Black "Bossi, Alessandro"]
[Result "1-0"]
[WhiteElo "2335"]
[BlackElo "2009"]
[PlyCount "41"]
[EventDate "1997.08.21"]

1. e4 e5 2. Nf3 Nc6 3. Bc4 Bc5 4. c3 Bb6 5. d4 Qe7 6. O-O Nf6 7. Re1 d6 8. h3
O-O 9. a4 Qd8 10. d5 Na5 11. Ba2 c6 12. b4 cxd5 13. bxa5 Bxa5 14. Bxd5 Nxd5 15.
Qxd5 Be6 16. Qd3 Qc7 17. Ba3 Rfd8 18. Bb4 Rac8 19. Nbd2 f6 20. Qb5 b6 21. Re3
1-0

[Event "XVII Festival Conca della Presolana Magistrale"]
[Site "Bratto - Castione della Presolana ITA"]
[Date "1997.08.??"]
[Round "2"]
[White "Lantini, Marco"]
[Black "Di Fonzo, Valerio"]
[Result "1-0"]
[WhiteElo "2190"]
[BlackElo "2225"]
[PlyCount "53"]
[EventDate "1997.08.21"]

1. e4 e5 2. Nf3 Nc6 3. d4 exd4 4. Nxd4 Nf6 5. Nxc6 bxc6 6. e5 Qe7 7. Qe2 Nd5 8.
c4 Nb6 9. g3 a5 10. Bg2 a4 11. O-O Qe6 12. Nd2 Bb4 13. Ne4 Qxc4 14. Qg4 Kf8 15.
Be3 d5 16. Qd1 Ba6 17. Ng5 Be7 18. Rc1 Qb5 19. Qh5 Bxg5 20. Qxg5 h6 21. Qf4 Re8
22. Rc5 Qxb2 23. Bd4 Qe2 24. Rxc6 Na8 25. Rfc1 Bc4 26. Bf3 Qd3 27. Bh5 1-0

[Event "XVII Festival Conca della Presolana Magistrale"]
[Site "Bratto - Castione della Presolana ITA"]
[Date "1997.08.??"]
[Round "2"]
[White "Lovati, Paolo"]
[Black "Lanzani, Mario"]
[Result "0-1"]
[WhiteElo "2135"]
[BlackElo "2360"]
[PlyCount "70"]
[EventDate "1997.08.21"]

1. Nf3 Nf6 2. g3 g6 3. Bg2 Bg7 4. O-O O-O 5. c4 d6 6. Nc3 c5 7. d3 Nc6 8. Rb1
Bd7 9. a3 a5 10. Bg5 h6 11. Bd2 Kh7 12. e4 Ne8 13. Nh4 Nc7 14. Nd5 Nxd5 15.
cxd5 Ne5 16. Bc3 Bb5 17. Bxe5 Bxe5 18. Nf3 Bg7 19. Re1 Qb6 20. Bf1 a4 21. Nd2
Bd7 22. Be2 Qc7 23. Kh1 b5 24. f4 e6 25. dxe6 Bxe6 26. Bg4 Qd7 27. Bxe6 Qxe6
28. Nf3 Rfe8 29. b3 axb3 30. Rxb3 Ra5 31. Qb1 Rea8 32. Nh4 b4 33. f5 Qe5 34.
fxg6+ fxg6 35. d4 Qe6 0-1

[Event "XVII Festival Conca della Presolana Magistrale"]
[Site "Bratto - Castione della Presolana ITA"]
[Date "1997.08.??"]
[Round "2"]
[White "Mariano, Elia"]
[Black "Di Lazzaro, Gabriele"]
[Result "1/2-1/2"]
[WhiteElo "2145"]
[BlackElo "2030"]
[PlyCount "220"]
[EventDate "1997.08.21"]

1. d4 g6 2. c4 Bg7 3. e4 c5 4. d5 d6 5. Nc3 Nf6 6. f4 O-O 7. Nf3 e6 8. Bd3 exd5
9. cxd5 Re8 10. O-O c4 11. Bc2 b5 12. Re1 b4 13. Nb5 Bg4 14. Nbd4 Bxf3 15. gxf3
Nxd5 16. Ba4 Re7 17. Nf5 gxf5 18. Qxd5 Na6 19. Qxc4 Nc5 20. Bc2 fxe4 21. fxe4
a5 22. Rb1 Ne6 23. Be3 Rc7 24. Qd3 Qh4 25. Rf1 Rac8 26. Bd1 Kh8 27. Kh1 Nc5 28.
Qd5 Qh3 29. Bf3 Qe6 30. Qxe6 fxe6 31. Rfd1 Rd7 32. Bg4 Re7 33. Rxd6 Nxe4 34.
Rxe6 Rxe6 35. Bxe6 Re8 36. Bb3 Nf6 37. Bb6 Nh5 38. Bxa5 Re4 39. Rd1 Bf6 40. Rg1
Ng7 41. Rc1 Nh5 42. Rg1 Ng7 43. Bf7 Rxf4 44. b3 Bd4 45. Rd1 Nf5 46. Be6 Ne3 47.
Rg1 Bg7 48. Bb6 Re4 49. Re1 Rxe6 50. Bxe3 Kg8 51. Bd2 Ra6 52. Bxb4 Rxa2 53. Bd6
Bc3 54. Rb1 Rd2 55. Bg3 Re2 56. b4 Bd4 57. b5 Bb6 58. Re1 Rb2 59. Re8+ Kf7 60.
Rb8 Rxb5 61. Bf2 Bxf2 62. Rxb5 Kg6 63. Kg2 Bd4 64. Kf3 Bc3 65. Kg4 Bd4 66. Ra5
Bc3 67. Ra6+ Bf6 68. Rb6 h5+ 69. Kf4 h4 70. Kg4 Kg7 71. Kh5 Kf7 72. Rb7+ Be7
73. Kg4 Kf8 74. Kf5 Bd6 75. h3 Bg3 76. Kg6 Ke8 77. Kf6 Kf8 78. Ra7 Ke8 79. Rf7
Be5+ 80. Ke6 Bg3 81. Ra7 Kf8 82. Kf6 Ke8 83. Re7+ Kd8 84. Kf7 Bf4 85. Re4 Bg3
86. Rd4+ Kc7 87. Ke6 Kc8 88. Ke7 Kc7 89. Rc4+ Kb6 90. Kd7 Kb5 91. Rc6 Kb4 92.
Ke6 Kb5 93. Kd5 Kb4 94. Rg6 Kb5 95. Rf6 Kb4 96. Rb6+ Kc3 97. Rb7 Bh2 98. Re7
Kd3 99. Re4 Bg3 100. Ra4 Ke3 101. Ke6 Kf3 102. Kf5 Ke3 103. Kg4 Bf2 104. Kf5
Bg3 105. Re4+ Kf3 106. Re8 Bf2 107. Rg8 Bg3 108. Rg4 Kg2 109. Ke4 Kxh3 110. Kf3
Bh2 1/2-1/2

[Event "XVII Festival Conca della Presolana Magistrale"]
[Site "Bratto - Castione della Presolana ITA"]
[Date "1997.08.??"]
[Round "2"]
[White "Mascheroni, Maurizio"]
[Black "Marchini, Massimo"]
[Result "1/2-1/2"]
[WhiteElo "1944"]
[BlackElo "2150"]
[PlyCount "77"]
[EventDate "1997.08.21"]

1. e4 c5 2. Nf3 Nc6 3. Bb5 g6 4. O-O Bg7 5. d3 d6 6. Bxc6+ bxc6 7. Nbd2 e5 8.
Re1 Ne7 9. Nf1 O-O 10. Ng3 Rb8 11. Rb1 Qe8 12. b3 f5 13. exf5 gxf5 14. h3 Nd5
15. Bb2 Qg6 16. Nh4 Qf6 17. Nf3 Bh6 18. c4 Nc7 19. Nxe5 dxe5 20. Bxe5 Qf7 21.
Nh5 Bg5 22. f4 Bd8 23. Re3 Bh4 24. Qf3 Rb7 25. g4 fxg4 26. hxg4 Ne6 27. Qh1 Bd8
28. Qxc6 Qd7 29. Qe4 Nd4 30. Kh2 Rb6 31. f5 Bg5 32. Bf4 Bb7 33. Qe5 Bxf4+ 34.
Qxf4 Qd6 35. Qxd6 Rxd6 36. Re7 Rf7 37. Re8+ Rf8 38. Re7 Rf7 39. Re8+ 1/2-1/2

[Event "XVII Festival Conca della Presolana Magistrale"]
[Site "Bratto - Castione della Presolana ITA"]
[Date "1997.08.??"]
[Round "2"]
[White "Mauro, Alan"]
[Black "Lapiccirella, Mattia"]
[Result "1-0"]
[WhiteElo "2275"]
[BlackElo "1930"]
[PlyCount "81"]
[EventDate "1997.08.21"]

1. e4 c5 2. Nf3 d6 3. d4 cxd4 4. Nxd4 Nf6 5. Nc3 a6 6. Bd3 Nc6 7. Nxc6 bxc6 8.
O-O g6 9. Kh1 Bg7 10. f4 O-O 11. Qe1 Nd7 12. Rb1 e5 13. f5 Nc5 14. Qg3 Nxd3 15.
cxd3 Kh8 16. fxg6 fxg6 17. Bg5 Qe8 18. Qh4 Ra7 19. Rf2 Rxf2 20. Qxf2 Rf7 21.
Qb6 Rb7 22. Qa5 Rf7 23. Kg1 Qf8 24. Qb6 Bh6 25. Bxh6 Qxh6 26. Qb8 Qe3+ 27. Kh1
Qf2 28. Rg1 Rf8 29. Qxd6 Qf6 30. Qc5 h5 31. Qe3 g5 32. Ne2 h4 33. d4 Kh7 34.
dxe5 Qxe5 35. Nd4 Qc5 36. Rc1 Qb6 37. Qc3 c5 38. Nf3 c4 39. Nxg5+ Kg6 40. Nf3
h3 41. Rg1 1-0

[Event "XVII Festival Conca della Presolana Magistrale"]
[Site "Bratto - Castione della Presolana ITA"]
[Date "1997.08.??"]
[Round "2"]
[White "Milocco, Franco"]
[Black "Moncelli, Giorgio"]
[Result "0-1"]
[WhiteElo "2365"]
[BlackElo "2195"]
[PlyCount "94"]
[EventDate "1997.08.21"]

1. c4 e5 2. Nc3 Nf6 3. Nf3 Nc6 4. g3 d5 5. cxd5 Nxd5 6. Bg2 Nb6 7. O-O Be7 8.
Rb1 a5 9. a3 a4 10. d3 Be6 11. Be3 Bb3 12. Qc1 O-O 13. Ne4 Nd5 14. Nc5 Bxc5 15.
Bxc5 Re8 16. Nd2 Na5 17. Bb4 Ba2 18. Ra1 Nb3 19. Nxb3 Bxb3 20. Qd2 b6 21. Bc3
c5 22. h4 Qd7 23. Qg5 Rad8 24. Rac1 h6 25. Qd2 Nc7 26. Qe3 Nb5 27. Be4 Nd4 28.
Bxd4 exd4 29. Qf3 Re5 30. Rfe1 Qe7 31. Qg4 Be6 32. Qf4 Bd5 33. Bxd5 Rdxd5 34.
Rc4 Qd7 35. e4 dxe3 36. fxe3 Qh3 37. Re2 Rxd3 38. Rc1 Red5 39. Rf1 Qe6 40. Qxa4
Rxe3 41. Qa8+ Kh7 42. Qxd5 Rxg3+ 43. Qg2 Rxg2+ 44. Rxg2 Qe3+ 45. Rff2 g5 46.
Kh1 Kg6 47. Kh2 f5 0-1

[Event "XVII Festival Conca della Presolana Magistrale"]
[Site "Bratto - Castione della Presolana ITA"]
[Date "1997.08.??"]
[Round "2"]
[White "Pantaleoni, Claudio"]
[Black "Zoldan, Matteo"]
[Result "1-0"]
[WhiteElo "2235"]
[BlackElo "2100"]
[PlyCount "61"]
[EventDate "1997.08.21"]

1. Nf3 d6 2. e4 c5 3. d4 cxd4 4. Nxd4 Nf6 5. Nc3 e6 6. f4 a6 7. Qf3 Qb6 8. Nb3
Qc7 9. Bd3 b5 10. g4 Bb7 11. g5 Nfd7 12. Bd2 Nc5 13. O-O Nc6 14. Rae1 g6 15.
Nd5 exd5 16. exd5+ Ne7 17. Ba5 Qc8 18. f5 Nxb3 19. fxg6 Qc5+ 20. Rf2 Bxd5 21.
gxf7+ Kd7 22. Qg4+ Kc6 23. cxb3 Ng6 24. Bb4 Ne5 25. Rxe5 Qxf2+ 26. Kxf2 dxe5
27. Be4 Bc5+ 28. Bxc5 Kxc5 29. b4+ Kd4 30. Qd1+ Kxe4 31. Qf3+ 1-0

[Event "XVII Festival Conca della Presolana Magistrale"]
[Site "Bratto - Castione della Presolana ITA"]
[Date "1997.08.??"]
[Round "2"]
[White "Quagliarella, Sabino Remo"]
[Black "Temi, Walter"]
[Result "1-0"]
[WhiteElo "1892"]
[BlackElo "2110"]
[PlyCount "83"]
[EventDate "1997.08.21"]

1. d4 Nf6 2. Nf3 g6 3. g3 Bg7 4. Bg2 O-O 5. O-O d5 6. c4 c6 7. Nc3 dxc4 8. Ne5
Ng4 9. Nxg4 Bxg4 10. h3 Be6 11. e3 Nd7 12. e4 Nb6 13. Be3 Qd7 14. Kh2 Rad8 15.
Ne2 f5 16. f3 Kh8 17. Qd2 Bg8 18. Rad1 e5 19. Qa5 Qc7 20. dxe5 Bxe5 21. Rxd8
Rxd8 22. Qxa7 c5 23. Qa3 Rd3 24. Qxc5 Qxc5 25. Bxc5 Na4 26. Ba3 Nxb2 27. Bb4 b5
28. f4 Bg7 29. e5 Rd8 30. Rb1 Nd3 31. Bd6 b4 32. Nd4 b3 33. axb3 cxb3 34. Nxb3
Bf8 35. Bxf8 Rxf8 36. Nd4 Rc8 37. Nc6 Nc5 38. Ne7 Re8 39. Nd5 Rd8 40. Nf6 Be6
41. Rb6 Rd2 42. Rc6 1-0

[Event "XVII Festival Conca della Presolana Magistrale"]
[Site "Bratto - Castione della Presolana ITA"]
[Date "1997.08.??"]
[Round "2"]
[White "Ranieri, Fabrizio"]
[Black "Ceresoli, Luigi"]
[Result "1-0"]
[WhiteElo "2200"]
[BlackElo "2053"]
[PlyCount "51"]
[EventDate "1997.08.21"]

1. e4 e5 2. Bc4 Bc5 3. Nf3 Nc6 4. d3 Nf6 5. Bg5 h6 6. Bh4 d6 7. Nc3 Bg4 8. h3
Bxf3 9. Qxf3 Nd4 10. Qd1 c6 11. a3 Qe7 12. Ne2 g5 13. Bg3 Ne6 14. Qd2 O-O-O 15.
b4 Bb6 16. a4 Nf4 17. Bxf4 gxf4 18. a5 Bc7 19. b5 d5 20. exd5 cxd5 21. Bb3 e4
22. b6 axb6 23. axb6 Bxb6 24. Qxf4 Qb4+ 25. Kf1 Bd4 26. Ra4 1-0

[Event "XVII Festival Conca della Presolana Magistrale"]
[Site "Bratto - Castione della Presolana ITA"]
[Date "1997.08.??"]
[Round "2"]
[White "Rosino, Antonio"]
[Black "Ortega, Lexy"]
[Result "0-1"]
[WhiteElo "2265"]
[BlackElo "2470"]
[PlyCount "88"]
[EventDate "1997.08.21"]

1. e4 c5 2. c3 d5 3. exd5 Qxd5 4. d4 Nf6 5. Nf3 Bg4 6. Be2 e6 7. Na3 Nc6 8. Nb5
O-O-O 9. dxc5 Qxd1+ 10. Bxd1 Bxc5 11. b4 Bb6 12. Bg5 e5 13. Bxf6 gxf6 14. h3
Be6 15. a4 e4 16. Nh4 Ne5 17. Be2 Nd3+ 18. Bxd3 exd3 19. Nf3 d2+ 20. Nxd2 a6
21. a5 Bxf2+ 22. Kxf2 Rxd2+ 23. Ke3 Rxg2 24. Nd4 Rhg8 25. Rhf1 R8g3+ 26. Rf3
Bd5 27. Rxg3 Rxg3+ 28. Kd2 Rxh3 29. Rf1 Kd7 30. Rxf6 Ke7 31. Rf5 Kd6 32. Ne2
Rf3 33. Rh5 Be4 34. c4 Rd3+ 35. Ke1 Bg6 36. c5+ Kc6 37. Re5 Kb5 38. Nf4 Rd4 39.
Nxg6 hxg6 40. Re7 Kc6 41. b5+ axb5 42. Rxf7 g5 43. Rg7 Rd5 44. Ke2 b4 0-1

[Event "XVII Festival Conca della Presolana Magistrale"]
[Site "Bratto - Castione della Presolana ITA"]
[Date "1997.08.??"]
[Round "2"]
[White "Sgnaolin, Davide"]
[Black "Zelcic, Robert"]
[Result "0-1"]
[WhiteElo "2055"]
[BlackElo "2530"]
[PlyCount "116"]
[EventDate "1997.08.21"]

1. e4 d5 2. Nc3 dxe4 3. Nxe4 e5 4. Nf3 f5 5. Nc3 e4 6. Ne5 Qd4 7. f4 Bc5 8. Qe2
a6 9. Qc4 Qxc4 10. Bxc4 Nf6 11. a3 Nbd7 12. Nf7 Nb6 13. Ba2 Rf8 14. Ng5 Ke7 15.
b4 Bd6 16. O-O h6 17. Nh3 Be6 18. Bxe6 Kxe6 19. Ne2 Kd7 20. d3 exd3 21. cxd3 a5
22. Bd2 axb4 23. Bxb4 Bxb4 24. axb4 Nbd5 25. Nd4 g6 26. Nf3 Ng4 27. Nf2 Nxf2
28. Rxa8 Rxa8 29. Rxf2 Ra1+ 30. Rf1 Rxf1+ 31. Kxf1 Nxf4 32. Ne5+ Ke6 33. d4 g5
34. g3 Nh5 35. Ke2 Nf6 36. Kd3 Kd5 37. Nf7 Ng4 38. h3 Nf2+ 39. Ke3 Nxh3 40.
Nxh6 f4+ 41. gxf4 gxf4+ 42. Kd3 Nf2+ 43. Ke2 Ne4 44. Kd3 Ng3 45. Ng4 Ke6 46.
Ne5 Kf5 47. Nd7 Kg4 48. Ne5+ Kh3 49. b5 b6 50. d5 Kg2 51. Ng6 Nh5 52. Nxf4+
Nxf4+ 53. Ke4 Kg3 54. Ke5 Ne2 55. d6 cxd6+ 56. Kxd6 Nc3 57. Kc6 Na4 58. Kd5 Kf4
0-1

[Event "XVII Festival Conca della Presolana Magistrale"]
[Site "Bratto - Castione della Presolana ITA"]
[Date "1997.08.??"]
[Round "2"]
[White "Sgorlon, Felice"]
[Black "Bednarich, Jan"]
[Result "1/2-1/2"]
[WhiteElo "2031"]
[BlackElo "2190"]
[PlyCount "105"]
[EventDate "1997.08.21"]

1. c4 c5 2. Nf3 Nc6 3. d4 cxd4 4. Nxd4 Nf6 5. Nc3 e6 6. e3 d5 7. Be2 Bd6 8. O-O
O-O 9. cxd5 exd5 10. Nf3 Re8 11. b3 Bg4 12. Bb2 Bb8 13. Re1 a6 14. h3 Be6 15.
Bf1 Qd6 16. Ne2 Ne4 17. Ned4 Bd7 18. Rc1 Qg6 19. Nh4 Nxf2 20. Nxg6 Nxd1 21.
Nxc6 Bxc6 22. Bd4 hxg6 23. Rexd1 Bg3 24. Be2 Be5 25. Kf2 Rad8 26. Rc2 Rd6 27.
Rcd2 Rde6 28. Bf3 Bxd4 29. Rxd4 Rxe3 30. R1d2 R3e5 31. Bxd5 Rf5+ 32. Kg1 Re1+
33. Kh2 Bxd5 34. Rxd5 Re7 35. Rd7 Rfe5 36. Rxe7 Rxe7 37. Kg3 g5 38. Kf3 f6 39.
Rd6 Kf7 40. Rb6 Kg6 41. a4 Kf5 42. b4 Ke5 43. a5 Kd5 44. Kg4 Kd4 45. b5 axb5
46. Rxb5 Ke3 47. Kg3 Kd3 48. Rb6 Ke2 49. a6 bxa6 50. Rxa6 Re3+ 51. Kh2 Kf2 52.
Ra2+ Re2 53. Ra3 1/2-1/2

[Event "XVII Festival Conca della Presolana Magistrale"]
[Site "Bratto - Castione della Presolana ITA"]
[Date "1997.08.??"]
[Round "2"]
[White "Vita, Fabrizio"]
[Black "Klinova, Masha"]
[Result "0-1"]
[WhiteElo "2013"]
[BlackElo "2330"]
[PlyCount "76"]
[EventDate "1997.08.21"]

1. c4 e5 2. Nc3 Bb4 3. Nf3 Bxc3 4. bxc3 d6 5. g3 Nf6 6. Bg2 O-O 7. O-O h6 8. d3
Nbd7 9. Rb1 Rb8 10. Nd2 Nc5 11. Ba3 b6 12. d4 Ncd7 13. c5 dxc5 14. dxc5 Qe7 15.
Qa4 Nxc5 16. Qxa7 Be6 17. Rb5 Qd7 18. Bxc5 Qxb5 19. Bxf8 Rxf8 20. Qxc7 Qxe2 21.
Nf3 Bd5 22. Re1 Qxa2 23. Qxb6 Qa8 24. Nh4 Rc8 25. Rc1 Qa3 26. Qe3 Bxg2 27. Kxg2
Nd5 28. Qd2 Qa8 29. Kg1 Nxc3 30. Re1 f6 31. Nf5 Qb7 32. Qd6 Kh7 33. Qd3 e4 34.
Qd2 Rc5 35. Nd6 Qe7 36. Qf4 Rh5 37. Qd2 Rd5 38. Rxe4 Nxe4 0-1

[Event "XVII Festival Conca della Presolana Magistrale"]
[Site "Bratto - Castione della Presolana ITA"]
[Date "1997.08.??"]
[Round "2"]
[White "Volpinari, Danilo"]
[Black "Belotti, Bruno"]
[Result "0-1"]
[WhiteElo "2200"]
[BlackElo "2410"]
[PlyCount "42"]
[EventDate "1997.08.21"]

1. e4 c5 2. Nf3 d6 3. d4 cxd4 4. Nxd4 Nf6 5. Nc3 a6 6. Bd3 e5 7. Nb3 Be7 8. O-O
O-O 9. f4 Nbd7 10. Qf3 b5 11. a3 Bb7 12. Be3 Rc8 13. Rae1 Nb6 14. Nd2 Nfd7 15.
f5 Nf6 16. g4 d5 17. Nxd5 Nbxd5 18. exd5 Bxd5 19. Ne4 Bxe4 20. Bxe4 Rc4 21. Bc1
Qd4+ 0-1

[Event "XVII Festival Conca della Presolana Magistrale"]
[Site "Bratto - Castione della Presolana ITA"]
[Date "1997.08.??"]
[Round "3"]
[White "Agnelli, Francesco"]
[Black "Caruso, Daniele"]
[Result "1/2-1/2"]
[WhiteElo "2085"]
[BlackElo "2130"]
[PlyCount "122"]
[EventDate "1997.08.21"]

1. e4 e6 2. d4 d5 3. Nc3 Nf6 4. Bg5 Be7 5. e5 Nfd7 6. h4 a6 7. Qg4 Bxg5 8. hxg5
c5 9. g6 f5 10. Qg3 h6 11. dxc5 Nc6 12. f4 Nxc5 13. O-O-O Bd7 14. Nf3 Rf8 15.
Rxh6 gxh6 16. g7 Qe7 17. Qg6+ Kd8 18. g8=Q Rxg8 19. Qxg8+ Be8 20. Bc4 Ne4 21.
Nxd5 exd5 22. Bxd5 Kc7 23. Bxc6 bxc6 24. Nd4 Rb8 25. Nxf5 Qb4 26. Qg7+ Kb6 27.
a3 Qc4 28. Ne3 Qa2 29. c3 Bf7 30. e6 Bxe6 31. Rd4 a5 32. Rxe4 Ka6 33. c4 Rb7
34. Qd4 Rd7 35. Qe5 Rb7 36. Qd4 Rd7 37. Qc5 Rb7 38. Qe5 Bf7 39. Qd4 Qa1+ 40.
Kc2 Qg1 41. b3 Qf2+ 42. Qd2 Qxd2+ 43. Kxd2 Rxb3 44. Re7 Rb7 45. Rxb7 Kxb7 46.
Nf5 Kc7 47. Kc3 h5 48. Kd4 Kd7 49. g3 Ke6 50. Ne3 Kd6 51. f5 c5+ 52. Ke4 Be8
53. Kf4 Bf7 54. f6 Ke6 55. Nd5 Kd6 56. Kf5 Be8 57. Kg5 Ke5 58. Ne3 Bf7 59. Nd5
Kd4 60. Nb6 Ke5 61. Nd5 Kd4 1/2-1/2

[Event "XVII Festival Conca della Presolana Magistrale"]
[Site "Bratto - Castione della Presolana ITA"]
[Date "1997.08.??"]
[Round "3"]
[White "Barbafiera, Luigi"]
[Black "De Barberis, Massimo"]
[Result "1-0"]
[WhiteElo "1900"]
[BlackElo "2110"]
[PlyCount "85"]
[EventDate "1997.08.21"]

1. c4 Nf6 2. Nc3 e6 3. g3 c5 4. Bg2 Nc6 5. Nf3 Be7 6. O-O d5 7. cxd5 exd5 8. d4
c4 9. Ne5 O-O 10. Nxc6 bxc6 11. e4 Bg4 12. f3 Be6 13. e5 Ne8 14. f4 Qd7 15. Be3
g6 16. Bf3 h5 17. Qe2 Ng7 18. Kh1 Rab8 19. Rad1 Rb4 20. Rd2 Nf5 21. Bf2 Kg7 22.
a3 Rb3 23. Qe1 Bxa3 24. Qc1 Be7 25. Bd1 Rb4 26. Na4 Rfb8 27. Qc3 Qb7 28. Bc2
Nh6 29. Ra1 Bh3 30. Nc5 Bxc5 31. dxc5 Rxb2 32. e6+ Kh7 33. Qe5 Ng4 34. Qxh5+
Nh6 35. Qxh3 fxe6 36. Qxe6 Rg8 37. Bd4 Rb5 38. f5 Nxf5 39. Bxf5 gxf5 40. Qxf5+
Rg6 41. Rf1 Rb3 42. Re2 Rd3 43. Qh5+ 1-0

[Event "XVII Festival Conca della Presolana Magistrale"]
[Site "Bratto - Castione della Presolana ITA"]
[Date "1997.08.??"]
[Round "3"]
[White "Bednarich, Jan"]
[Black "Capece, Adolivio"]
[Result "1-0"]
[WhiteElo "2190"]
[BlackElo "1953"]
[PlyCount "91"]
[EventDate "1997.08.21"]

1. e4 c5 2. Nf3 Nc6 3. d4 cxd4 4. Nxd4 g6 5. c4 Bg7 6. Be3 Nf6 7. Nc3 Ng4 8.
Qxg4 Nxd4 9. Qd1 e5 10. Bd3 O-O 11. O-O d6 12. Rb1 f5 13. exf5 Nxf5 14. Bd2 Be6
15. b3 Qd7 16. Be4 Rac8 17. Qe2 Nd4 18. Qd3 Bf5 19. Be3 a6 20. a4 Kh8 21. f3
Bxe4 22. Qxe4 Rce8 23. Rfd1 Rf7 24. Bc1 Qc6 25. Rd3 Qxe4 26. Nxe4 Bf8 27. Be3
Nc2 28. Rbd1 Nxe3 29. Rxe3 b5 30. axb5 axb5 31. cxb5 Rb7 32. Rd5 Ra8 33. Rc3
Ra1+ 34. Kf2 Ra2+ 35. Kg3 Ra5 36. Ng5 Be7 37. Ne6 Kg8 38. Rc7 Rxc7 39. Nxc7 Ra3
40. b6 Rxb3 41. Nb5 Bd8 42. b7 Bc7 43. Nxc7 Rxb7 44. Nb5 Kf8 45. Nxd6 Rd7 46.
Rd2 1-0

[Event "XVII Festival Conca della Presolana Magistrale"]
[Site "Bratto - Castione della Presolana ITA"]
[Date "1997.08.??"]
[Round "3"]
[White "Bosio, Devis"]
[Black "Grosar, Kiti"]
[Result "1/2-1/2"]
[WhiteElo "1951"]
[BlackElo "2190"]
[PlyCount "123"]
[EventDate "1997.08.21"]

1. e4 c5 2. Nf3 d6 3. d4 cxd4 4. Qxd4 a6 5. Be3 Nf6 6. Nc3 Nc6 7. Qb6 Qxb6 8.
Bxb6 Be6 9. Nd4 Nd7 10. Nxe6 fxe6 11. Be3 b5 12. g3 g6 13. Bh3 Kf7 14. O-O-O
Bg7 15. Ne2 Rhc8 16. Kb1 Rc7 17. f4 Nf6 18. f5 gxf5 19. exf5 e5 20. g4 h6 21.
g5 hxg5 22. Bxg5 Rh8 23. Bg2 Bh6 24. h4 Ng4 25. Bd5+ Ke8 26. Rdg1 Nf6 27. Be6
Nd8 28. Bb3 Nb7 29. Nc3 Nc5 30. Bxf6 exf6 31. Rg8+ Rxg8 32. Bxg8 Rg7 33. Bd5 b4
34. Ne4 Nxe4 35. Bxe4 Rg4 36. Bd5 Rd4 37. Bb3 Ke7 38. c3 bxc3 39. bxc3 Rf4 40.
Be6 d5 41. Bxd5 Rxf5 42. Kc2 Rf2+ 43. Kb3 Kd6 44. Bc4 a5 45. Rf1 Rxf1 46. Bxf1
Kc5 47. h5 e4 48. Bg2 f5 49. Bh3 f4 50. Bf5 Kd5 51. c4+ Ke5 52. Bg4 f3 53. c5
Kd5 54. c6 Kxc6 55. Kc4 f2 56. Bh3 Bg7 57. h6 Bh8 58. Kb3 Kc5 59. Kc2 Kd4 60.
Kd2 a4 61. Ke2 e3 62. Bg2 1/2-1/2

[Event "XVII Festival Conca della Presolana Magistrale"]
[Site "Bratto - Castione della Presolana ITA"]
[Date "1997.08.??"]
[Round "3"]
[White "Bossi, Alessandro"]
[Black "Cugini, Verter"]
[Result "0-1"]
[WhiteElo "2009"]
[BlackElo "2215"]
[PlyCount "96"]
[EventDate "1997.08.21"]

1. e4 e6 2. d4 d5 3. Nc3 Nf6 4. Bg5 Bb4 5. Nge2 dxe4 6. a3 Be7 7. Bxf6 gxf6 8.
Nxe4 f5 9. N4c3 O-O 10. g3 c5 11. Bg2 Nc6 12. d5 Ne5 13. O-O Rb8 14. Re1 Ng6
15. h4 Re8 16. Qd2 b5 17. Rad1 Bf6 18. dxe6 fxe6 19. Qh6 Qe7 20. Bc6 Rd8 21.
Rxd8+ Qxd8 22. Rd1 Qf8 23. Qxf8+ Nxf8 24. Bxb5 a6 25. Ba4 Rxb2 26. Rb1 Rxb1+
27. Nxb1 Bb7 28. Bb3 Kf7 29. Nd2 Ke7 30. f4 Nd7 31. Nc4 Bd5 32. Kf2 Nb8 33. Ke3
Nc6 34. Nd2 Na5 35. Bxd5 exd5 36. a4 Kd6 37. Kd3 c4+ 38. Ke3 Kc5 39. c3 Nb3 40.
Nb1 d4+ 41. cxd4+ Nxd4 42. Nec3 Nc2+ 43. Kd2 Nb4 44. h5 Nd5 45. Nxd5 Kxd5 46.
Na3 Bd4 47. Ke2 Bc5 48. Nc2 Ke4 0-1